1079 1765 1234 1085 1855 1225 1899 1662 1964 1802 1671 1897 1432 1457 1136 1181 1698 1566 1125 1823 1535 1733 1186 1010 1061 1150 1940 1265 1133 1591 1236 1485 1720 1866 1702 1824 1737 1670 1951 1073 1493 1744 1270 1805 1731 1673 1168 1902 1208 1733 1456 1146 1113 1116 1496 1075 1414 1422 1829 1087 1623 1526 1918 1679 1194 1034 1968 1843 1997 1144 1150 1481 1039 1248 1130 1427 1095 1544 1380 1138 1635 1223 1354 1684 1025 1843 1048 1740 1227 1956 1324 1109 1335 1433 1878 1288 1744 1115 1578 BCNSPRNW ULIB Ver.6.0+V

เปลี่ยนเป็นภาษาไทย

Change to English
 แสดงรายละเอียดบรรณานุกรม
  กลับหน้าหลัก

Brief Record : Get Marc (ISO 2709) : E-mail record : QR code < ปิดหน้าต่าง
LEADER : 00000nam 2200000uu 4500
001    13399128465
003     ULIB
008    020711s2022 th a 000 0 eng d
020    ^a9781119807926
060    ^aWY100^bC585M
100    ^aClaire Boyd
245    ^aMedicine Management Skills for Nurses (Student Survival Skills)
250    ^a2nd ed
260    ^aHoboken, NJ :^bWiley-Blackwell,^c2022
300    ^a319 pages;^c21 cm
650    ^aClinical pharmacology
945    ^p940^l0^i010209
999    ^aประนอม เกษจรัล
รายการนี้ยังไม่มีแท็ก
คุณยังไม่ได้ล็อกอิน คุณสามารถมีกิจกรรมร่วมกับเว็บไซต์ได้ แต่ต้องล็อกอินก่อน ::
  ล็อกอิน

รายการสื่อสารสนเทศ

ลำดับที่ ประเภท เลขเรียก/บาร์โค้ด สถานที่ สถานะ
1. Book การพยาบาล
หนังสือสำรอง
สถานะ=หนังสือสำรอง
WY100 C585M ฉ.1 
  Barcode: 010209
ห้องสมุดวิทยาเขตสวรรค์ประชารักษ์
►หนังสือทั่วไป
บนชั้น

BibComment


ยังไม่เคยถูกคอมเมนท์

คอมเมนท์ทรัพยากรรายการนี้
  คอมเมนท์: Medicine Managem..


 Copyright 2026. Bcnsprnw @Library